Psiquiatría infantil

Kaydedildi:
Detaylı Bibliyografya
Yazar: Kanner, Leo (Yazar)
Materyal Türü: Kitap
Dil:İspanyolca
Baskı/Yayın Bilgisi: Buenos Aires Eds. Siglo Veinte 1976
Edisyon:4a. ed
Konular:
Etiketler: Etiketle
Etiket eklenmemiş, İlk siz ekleyin!

MARC

LEADER 00000nam a2200000 a 4500
001 UCY3770
003 CL-VaPUC
008 950118e19760000AG |||||||||||||||||spa|d
082 0 4 |a 616.89054  |b KAN  |2 21 
100 |a Kanner, Leo  |e author  |9 336404 
245 1 0 |a Psiquiatría infantil 
250 |a 4a. ed 
300 |a 754 p 
942 |c BK 
945 |d 19950118 00:00:00  |a rbrito 
260 |a Buenos Aires  |b Eds. Siglo Veinte  |c 1976 
650 7 |a PSIQUIATRIA INFANTIL  |2 CL-VaPUC  |9 311183 
650 7 |a NIÑOS IMPEDIDOS MENTALMENTE  |2 CL-VaPUC  |9 307488 
650 7 |a PSICOPATOLOGIA INFANTIL  |2 CL-VaPUC  |9 307474 
583 |a last modification  |c 19950118 00:00:00  |k Rodrigo Vera 
999 |c 231824  |d 231822 
952 |0 0  |1 0  |4 0  |6 616_890540000000000_KAN_1976  |7 0  |8 P  |9 235552  |a BIBEDU  |b BIBEDU  |c BIBEDU_PB  |d 2019-11-15  |i 3052184  |o 616.89054 KAN 1976  |p 3052184  |r 2019-11-15  |w 2019-11-15  |y BK  |k EDU